[Event "Krakow op-A 34th"]
[Site "Krakow"]
[Date "2024.01.03"]
[Round "8"]
[White "Zarnowski, Krzysztof"]
[Black "Wojdak, Jan"]
[Result "1/2-1/2"]
[WhiteElo "2114"]
[BlackElo "2219"]
[PlyCount "177"]
[EventDate "2023.12.27"]
[EventType "swiss"]
[EventRounds "9"]
[EventCountry "POL"]
[SourceTitle "CB02_2024"]
[SourceDate "2024.01.10"]
[SourceVersion "1"]
[SourceVersionDate "2024.01.10"]
[SourceQuality "1"]

1. d4 Nf6 2. Nf3 g6 3. g3 Bg7 4. Bg2 0-0 5. c4 d5 6. cxd5 Nxd5 7. 0-0 Nb6 8. Qc2 Nc6 9. Rd1 a5 10. Bf4 Bf5 11. Qc1 Nd5 12. Nc3 Nxf4 13. Qxf4 Qd6 14. Rac1 Qxf4 15. gxf4 Rfd8 16. e3 Rac8 17. a3 Bg4 18. Na4 Nb8 19. Rd3 Nd7 20. Rdc3 c6 21. Nd2 Be6 22. Nb3 b5 23. Nac5 Nxc5 24. Nxc5 b4 25. R3c2 Bf5 26. Rd2 bxa3 27. bxa3 g5 28. fxg5 e5 29. Nb7 Rd7 30. Rxc6 Rb8 31. Rb6 exd4 32. exd4 Rc7 33. h4 Bc8 34. Rb5 Bxb7 35. Rdb2 Bxd4 36. Rxb7 Rbxb7 37. Rxb7 Rc2 38. h5 Rxf2 39. Rb8+ Kg7 40. h6+ Kg6 41. Rd8 Rf4+ 42. Kh2 Kxg5 43. Rd5+ f5 44. Bh3 Bc3 45. Rc5 Rf2+ 46. Kg1 Bd4 47. Rxa5 Kh4 48. Rd5 Rd2+ 49. Kf1 Kxh3 50. Rxf5 Kg4 51. Rf7 Be3 52. Rxh7 Kf3 53. Rf7+ Bf4 54. Ke1 Rc2 55. Rd7 Bxh6 56. Rd8 Rc3 57. a4 Rc1+ 58. Rd1 Rc4 59. Rd8 Rxa4 60. Kd1 Rc4 61. Ke1 Rc7 62. Rd3+ Be3 63. Rd8 Rc1+ 64. Rd1 Rc8 65. Rd7 Ke4 66. Ke2 Rc2+ 67. Kd1 Rg2 68. Re7+ Kd3 69. Rd7+ Bd4 70. Re7 Rg8 71. Re6 Ra8 72. Rc6 Rf8 73. Re6 Rf1+ 74. Re1 Rf2 75. Re8 Ra2 76. Rc8 Rd2+ 77. Ke1 Rb2 78. Kd1 Rb7 79. Rc6 Rg7 80. Re6 Rg1+ 81. Re1 Rg2 82. Re8 Rg7 83. Re6 Ra7 84. Rc6 Ra2 85. Rc8 Rd2+ 86. Ke1 Rg2 87. Rf8 Re2+ 88. Kd1 Ra2 89. Rc8 1/2-1/2

[Event "Krakow op-A 34th"]
[Site "Krakow"]
[Date "2024.01.02"]
[Round "6"]
[White "Zarnowski, Krzysztof"]
[Black "Fishchuk, Vladyslav"]
[Result "1-0"]
[WhiteElo "2114"]
[BlackElo "2198"]
[PlyCount "111"]
[EventDate "2023.12.27"]
[EventType "swiss"]
[EventRounds "9"]
[EventCountry "POL"]
[SourceTitle "CB02_2024"]
[SourceDate "2024.01.10"]
[SourceVersion "1"]
[SourceVersionDate "2024.01.10"]
[SourceQuality "1"]

1. Nf3 d5 2. d4 Nf6 3. c4 e6 4. Nc3 Nbd7 5. Bg5 Bb4 6. cxd5 exd5 7. e3 c5 8. Bd3 Qa5 9. 0-0 c4 10. Bf5 0-0 11. Qc2 Re8 12. Nd2 g6 13. Bh3 Kg7 14. a3 Bxc3 15. Qxc3 Qxc3 16. bxc3 h6 17. Bxf6+ Nxf6 18. Bxc8 Raxc8 19. Rfb1 Re7 20. a4 Kf8 21. Rb5 Ke8 22. Nf1 a6 23. Rb2 Ne4 24. Rc1 Nd6 25. f3 Kd7 26. Kf2 Kc7 27. g4 f5 28. gxf5 Nxf5 29. Rcb1 Nd6 30. Re2 Rf8 31. Kg2 Nf5 32. e4 Nh4+ 33. Kg3 Nxf3 34. Ne3 Ref7 35. Nxd5+ Kc8 36. Nb6+ Kb8 37. e5 Ka7 38. e6 Rf5 39. e7 Nxd4 40. Re3 Ne2+ 41. Kg2 Nf4+ 42. Kh1 Re8 43. Nxc4 Nd5 44. Nd6 Nxe3 45. Nxe8 Re5 46. Nd6 Nd5 47. e8Q Rxe8 48. Nxe8 Nxc3 49. Ra1 a5 50. Nd6 Ka6 51. Ra3 Nxa4 52. Rxa4 b5 53. Ra1 a4 54. Rb1 a3 55. Nxb5 a2 56. Nc7+ 1-0

[Event "POL-chT 2nd League"]
[Site "Jastrzebia Gora"]
[Date "2023.09.07"]
[Round "6.27"]
[White "Gradowski, Jacek"]
[Black "Zarnowski, Krzysztof"]
[Result "0-1"]
[WhiteElo "2072"]
[BlackElo "2113"]
[PlyCount "88"]
[EventDate "2023.09.02"]
[EventType "team-swiss"]
[EventRounds "9"]
[EventCountry "POL"]
[SourceTitle "EXT 2024"]
[Source "ChessBase"]
[SourceDate "2023.10.10"]
[SourceVersion "1"]
[SourceVersionDate "2023.10.10"]
[SourceQuality "1"]
[WhiteTeam "Lodz Okucia Budowlane"]
[BlackTeam "Krakow AGH"]
[WhiteTeamCountry "POL"]
[BlackTeamCountry "POL"]

1. d4 d5 2. c4 e6 3. Nc3 dxc4 4. a4 c5 5. Nf3 a6 6. e3 Nf6 7. Bxc4 Nc6 8. 0-0 Qc7 9. d5 exd5 10. Nxd5 Nxd5 11. Qxd5 Na5 12. Ba2 Be6 13. Qe4 Qc6 14. Qxc6+ Nxc6 15. Bxe6 fxe6 16. Ng5 Ke7 17. Bd2 Rd8 18. Rfd1 Kf6 19. h4 e5 20. f4 Be7 21. Rf1 Kg6 22. f5+ Kh5 23. Ne4 Bxh4 24. g3 Be7 25. Kg2 Kg4 26. Rf3 h5 27. Raf1 h4 28. gxh4 Bxh4 29. Be1 Rd1 30. Bxh4 Rxf1 31. Nf2+ Rxf2+ 32. Bxf2 Rh2+ 33. Kxh2 Kxf3 34. Bh4 Kxe3 35. Kg3 Ke4 36. Kg4 Nd4 37. f6 gxf6 38. Bxf6 Nc6 39. Kg3 Ke3 40. Kg2 Ke2 41. Kg3 Kd3 42. Kf3 Nd4+ 43. Kf2 e4 44. Bg5 Nc2 0-1

[Event "Malopolska-ch"]
[Site "Krakow"]
[Date "2023.06.11"]
[Round "7"]
[White "Klepek, Witold"]
[Black "Zarnowski, Krzysztof"]
[Result "1-0"]
[WhiteElo "2236"]
[BlackElo "2079"]
[PlyCount "39"]
[EventDate "2023.06.08"]
[EventType "swiss"]
[EventRounds "7"]
[EventCountry "POL"]
[SourceTitle "CBM 214 Extra"]
[Source "ChessBase"]
[SourceDate "2023.07.31"]
[SourceVersion "1"]
[SourceVersionDate "2023.07.31"]
[SourceQuality "1"]

1. e4 c6 2. d4 d5 3. f3 Qb6 4. a4 e5 5. Ne2 Be6 6. a5 Qc7 7. exd5 Bxd5 8. dxe5 Nd7 9. Nbc3 Bb4 10. Bf4 Be6 11. a6 b5 12. Nd4 0-0-0 13. Nxe6 fxe6 14. Qd4 Bc5 15. Qe4 Qb6 16. Bd3 Bf2+ 17. Kf1 Nc5 18. Be3 Nxe4 19. Bxb6 Bxb6 20. Nxe4 1-0

[Event "POL-ch Universities"]
[Site "Bydgoszcz"]
[Date "2023.03.11"]
[Round "7"]
[White "Galuszka, Tomasz"]
[Black "Zarnowski, Krzysztof"]
[Result "1-0"]
[WhiteElo "2189"]
[BlackElo "2079"]
[PlyCount "81"]
[EventDate "2023.03.10"]
[EventType "swiss"]
[EventRounds "9"]
[EventCountry "POL"]
[SourceTitle "CBM 213 Extra"]
[Source "ChessBase"]
[SourceDate "2023.05.31"]
[SourceVersion "1"]
[SourceVersionDate "2023.05.31"]
[SourceQuality "1"]

1. e4 e6 2. d4 d5 3. Nd2 Nf6 4. e5 Nfd7 5. f4 c5 6. c3 Nc6 7. Ndf3 Qb6 8. Ne2 cxd4 9. cxd4 Bb4+ 10. Bd2 f6 11. Bxb4 Qxb4+ 12. Qd2 Qxd2+ 13. Kxd2 g5 14. exf6 gxf4 15. f7+ Kxf7 16. Nxf4 e5 17. Nxd5 exd4 18. Bc4 Nde5 19. Nxe5+ Nxe5 20. Rhf1+ Kg7 21. Bb3 Bd7 22. Rae1 Ng6 23. Nf6 Bc6 24. g4 Rhf8 25. g5 h6 26. Nh5+ Kh7 27. Bc2 hxg5 28. Ng3 Kh6 29. Re6 Rg8 30. Rff6 Be8 31. h3 g4 32. hxg4 Kg5 33. Bxg6 Bxg6 34. Rf1 Kxg4 35. Ne4 Bxe4 36. Rxe4+ Kg5 37. Re2 Rg6 38. Re5+ Kh6 39. Rh1+ Kg7 40. Re7+ Kf6 41. Rxb7 1-0

[Event "POL-chT 2nd League"]
[Site "Jastrzebia Gora"]
[Date "2022.09.09"]
[Round "7.97"]
[White "Zarnowski, Krzysztof"]
[Black "Zerebiec, Maurycy"]
[Result "1/2-1/2"]
[WhiteElo "2050"]
[BlackElo "1885"]
[PlyCount "81"]
[EventDate "2022.09.03"]
[EventType "team-swiss"]
[EventRounds "9"]
[EventCountry "POL"]
[SourceTitle "CBM 210 Extra"]
[Source "ChessBase"]
[SourceDate "2022.11.30"]
[SourceVersion "1"]
[SourceVersionDate "2022.11.30"]
[SourceQuality "1"]
[WhiteTeam "Krakow AGH"]
[BlackTeam "Olesnica Pogon"]
[WhiteTeamCountry "POL"]
[BlackTeamCountry "POL"]

1. d4 d5 2. c4 e6 3. Nc3 c6 4. e3 Bd6 5. Nf3 f5 6. b3 Nf6 7. Bb2 0-0 8. Qc2 Ne4 9. Bd3 Nd7 10. 0-0-0 a5 11. Kb1 Qe7 12. h4 Ndf6 13. c5 Bc7 14. Na4 Ng4 15. Rdf1 e5 16. Nxe5 Nxe5 17. dxe5 Bxe5 18. Bxe5 Qxe5 19. f4 Qf6 20. Bxe4 fxe4 21. Nb6 Ra6 22. Qb2 Qe7 23. Qd4 h5 24. Qe5 Qf7 25. f5 Bxf5 26. g4 hxg4 27. h5 Qf6 28. Qxf6 Rxf6 29. Rf4 Kf7 30. Rhf1 Ke6 31. Kb2 Rxb6 32. cxb6 c5 33. Rc1 d4 34. Rxc5 dxe3 35. Kc3 g3 36. Kd4 e2 37. Rc1 Rf8 38. Ke3 Ke5 39. Rc5+ Kd6 40. Rc1 Ke5 41. Rc5+ 1/2-1/2

[Event "POL-ch Academic"]
[Site "Chorzow"]
[Date "2022.04.01"]
[Round "3"]
[White "Zarnowski, Krzysztof"]
[Black "Molenda, Marcin"]
[Result "1/2-1/2"]
[WhiteElo "1948"]
[BlackElo "2207"]
[PlyCount "94"]
[EventDate "2022.04.01"]
[EventType "swiss (rapid)"]
[EventRounds "9"]
[EventCountry "POL"]
[SourceTitle "EXT 2024"]
[Source "ChessBase"]
[SourceDate "2023.10.10"]
[SourceVersion "1"]
[SourceVersionDate "2023.10.10"]
[SourceQuality "1"]

1. d4 Nf6 2. c4 g6 3. Nc3 Bg7 4. e4 d6 5. Be2 0-0 6. Bg5 Nbd7 7. Qd2 e5 8. d5 Nc5 9. f3 Qe8 10. Nb5 Qd7 11. b4 Ncxe4 12. fxe4 Nxe4 13. Qc1 c6 14. Nc3 Nxg5 15. Qxg5 f5 16. Qd2 e4 17. Nh3 f4 18. Ng5 Qe7 19. Ngxe4 Bf5 20. Nxd6 Qxd6 21. 0-0 Qxb4 22. Rac1 Rae8 23. Bf3 Qxc4 24. dxc6 bxc6 25. Kh1 Qd4 26. Qxd4 Bxd4 27. Bxc6 Rc8 28. Bd5+ Kg7 29. Nb5 Be3 30. Rxc8 Bxc8 31. g3 g5 32. gxf4 gxf4 33. Nc7 Kf6 34. Bf3 Bh3 35. Rd1 Ke5 36. Rd5+ Kf6 37. Rh5 Bc8 38. Rxh7 Rg8 39. Nd5+ Ke5 40. Nxe3 fxe3 41. Rxa7 Be6 42. Ra4 Rc8 43. Re4+ Kf5 44. Rxe3 Rc1+ 45. Kg2 Rc2+ 46. Re2 Rxe2+ 47. Bxe2 Bxa2 1/2-1/2

[Event "Krakow op-B 32nd"]
[Site "Krakow"]
[Date "2021.12.30"]
[Round "4"]
[White "Slabek, Grzegorz"]
[Black "Zarnowski, Krzysztof"]
[Result "0-1"]
[WhiteElo "1961"]
[BlackElo "2078"]
[PlyCount "76"]
[EventDate "2021.12.27"]
[EventType "swiss"]
[EventRounds "9"]
[EventCountry "POL"]
[SourceTitle "EXT 2023"]
[Source "ChessBase"]
[SourceDate "2022.10.05"]
[SourceVersion "1"]
[SourceVersionDate "2022.10.05"]
[SourceQuality "1"]

1. d4 d5 2. Nf3 Nf6 3. g3 g6 4. Bg2 Bg7 5. 0-0 0-0 6. b3 c5 7. Bb2 cxd4 8. Nxd4 Qb6 9. h3 Rd8 10. e3 Nbd7 11. Qe2 Nc5 12. a4 a5 13. Nd2 Bd7 14. Rfb1 Rac8 15. Nb5 Nfe4 16. Nxe4 Nxe4 17. Bxg7 Kxg7 18. c4 Qf6 19. Rc1 Bxb5 20. axb5 Nc5 21. Qc2 dxc4 22. bxc4 b6 23. Rd1 e6 24. Rac1 Rxd1+ 25. Rxd1 Rd8 26. Rf1 Rd3 27. Rc1 Rb3 28. Rf1 a4 29. Qd1 Rd3 30. Qb1 Rb3 31. Qd1 Rb2 32. Qd6 e5 33. Qc7 a3 34. Qa7 a2 35. Qa3 e4 36. f3 Rd2 37. fxe4 Qb2 38. Qxb2+ Rxb2 0-1

[Event "Krakow op-B 32nd"]
[Site "Krakow"]
[Date "2021.12.29"]
[Round "3"]
[White "Zarnowski, Krzysztof"]
[Black "Lee, Hyuk1111"]
[Result "1-0"]
[WhiteElo "2078"]
[BlackElo "1895"]
[PlyCount "107"]
[EventDate "2021.12.27"]
[EventType "swiss"]
[EventRounds "9"]
[EventCountry "POL"]
[SourceTitle "EXT 2023"]
[Source "ChessBase"]
[SourceDate "2022.10.05"]
[SourceVersion "1"]
[SourceVersionDate "2022.10.05"]
[SourceQuality "1"]

1. d4 Nf6 2. c4 g6 3. Nc3 Bg7 4. e4 d6 5. Bg5 0-0 6. Qd2 c5 7. d5 e6 8. f3 exd5 9. cxd5 h6 10. Be3 Nbd7 11. Nge2 Ne5 12. Ng3 h5 13. Bg5 Qb6 14. h4 Bd7 15. Be2 Qa5 16. 0-0 a6 17. f4 Neg4 18. e5 dxe5 19. fxe5 Nh7 20. Bxg4 Bxg4 21. Bf6 Qb4 22. Bxg7 Kxg7 23. Rf4 Qb6 24. Qe3 Rae8 25. Re1 Qd8 26. Qxc5 Qxh4 27. Re3 Qg5 28. Qd4 Kh6 29. Na4 Rd8 30. Nb6 f6 31. e6 Bxe6 32. Rxe6 Qxg3 33. Re3 Qg5 34. d6 Rf7 35. Rfe4 f5 36. Re7 Qf6 37. Qf4+ g5 38. Qc4 Rxe7 39. dxe7 Rd1+ 40. Qf1 Qd4 41. e8Q f4 42. Qe6+ Nf6 43. Qxd1 Qxd1+ 44. Re1 Qd4+ 45. Kh1 f3 46. gxf3 Qf4 47. Kg2 h4 48. Kf2 Qh2+ 49. Ke3 Qf4+ 50. Ke2 Kg7 51. Nd7 Nxd7 52. Qxd7+ Kg6 53. Qd3+ Kh6 54. Kd1 1-0

[Event "Krakow op-B 31st"]
[Site "Krakow"]
[Date "2020.12.30"]
[Round "4"]
[White "Slabek, Grzegorz"]
[Black "Zarnowski, Krzysztof"]
[Result "0-1"]
[WhiteElo "1961"]
[BlackElo "2062"]
[PlyCount "100"]
[EventDate "2020.12.27"]
[EventType "swiss"]
[EventRounds "9"]
[EventCountry "POL"]
[SourceTitle "CBM 200 Extra"]
[Source "ChessBase"]
[SourceDate "2021.03.31"]
[SourceVersion "1"]
[SourceVersionDate "2021.03.31"]
[SourceQuality "1"]

1. Nf3 d5 2. d4 Nf6 3. e3 c5 4. Be2 Nc6 5. 0-0 Bg4 6. h3 Bxf3 7. Bxf3 cxd4 8. exd4 e6 9. b3 Bd6 10. Ba3 Bxa3 11. Nxa3 Qa5 12. Nb1 Rc8 13. c3 0-0 14. a4 e5 15. b4 Qc7 16. b5 e4 17. Be2 Na5 18. Ra3 Nd7 19. Nd2 Qd6 20. Qc1 f5 21. Qb2 Nb6 22. Qb4 Qxb4 23. cxb4 Nac4 24. Nxc4 Nxc4 25. Rc3 Rc7 26. Rfc1 Rfc8 27. a5 b6 28. f3 Kf7 29. fxe4 fxe4 30. Bg4 Rb8 31. a6 Ke7 32. Be2 Rf8 33. R3c2 Kd6 34. h4 Rff7 35. h5 Rf8 36. Rc3 Rf4 37. Re1 Nd2 38. Rec1 Rxc3 39. Rxc3 Nc4 40. Rg3 Rf7 41. Rc3 e3 42. g3 h6 43. Rb3 Rf2 44. Bxc4 dxc4 45. Rxe3 Rf7 46. Kg2 Rc7 47. Rc3 Kd5 48. Kf2 Kxd4 49. Rc1 c3 50. Ke2 Re7+ 0-1

[Event "Krakow op-B 28th"]
[Site "Krakow"]
[Date "2017.12.28"]
[Round "2"]
[White "Jankowiak, Tomasz"]
[Black "Zarnowski, Krzysztof"]
[Result "1-0"]
[WhiteElo "1923"]
[BlackElo "2031"]
[PlyCount "113"]
[EventDate "2017.12.27"]
[EventType "swiss"]
[EventRounds "9"]
[EventCountry "POL"]
[SourceTitle "CBM 182 Extra"]
[Source "ChessBase"]
[SourceDate "2018.02.23"]
[SourceVersion "1"]
[SourceVersionDate "2018.02.23"]
[SourceQuality "1"]

1. e4 c5 2. Nf3 e6 3. d4 cxd4 4. Nxd4 a6 5. Bd3 Nf6 6. 0-0 Qc7 7. Qe2 d6 8. c4 g6 9. Nc3 Bg7 10. Nf3 Nc6 11. h3 0-0 12. Be3 Nd7 13. Rac1 Nde5 14. Nxe5 dxe5 15. Nd5 Qd8 16. Nb6 Rb8 17. Bc5 Nd4 18. Qe3 Re8 19. Rfd1 Qc7 20. b4 a5 21. a3 axb4 22. axb4 Nb3 23. Rb1 Nxc5 24. Qxc5 Qxc5 25. bxc5 Bf8 26. Rb5 Rd8 27. Bc2 Rxd1+ 28. Bxd1 f5 29. f3 Kf7 30. Ba4 Be7 31. Ra5 Bg5 32. Kf2 Bd2 33. Rb5 Kf6 34. c6 bxc6 35. Nd7+ Bxd7 36. Rxb8 Ke7 37. Ke2 Bc3 38. Kd3 Bd4 39. Kc2 h5 40. Kb3 Be3 41. Ra8 g5 42. Kc3 g4 43. hxg4 hxg4 44. Kd3 Bf2 45. fxg4 fxg4 46. Rg8 g3 47. Rg7+ Kd6 48. c5+ Bxc5 49. Rxg3 Bc8 50. Bb3 Bf2 51. Rg7 Bd7 52. g4 Be8 53. g5 c5 54. g6 Bh4 55. Rh7 Bf6 56. g7 Bf7 57. Rh8 1-0

[Event "POL-chT U19 2nd League"]
[Site "Iwonicz"]
[Date "2016.07.31"]
[Round "3.61"]
[White "Zarnowski, Krzysztof"]
[Black "Gajewski, Marcin"]
[Result "1-0"]
[WhiteElo "2034"]
[BlackElo "1531"]
[PlyCount "73"]
[EventDate "2016.07.23"]
[EventType "team-swiss"]
[EventRounds "11"]
[EventCountry "POL"]
[SourceTitle "EXT 2019"]
[Source "ChessBase"]
[SourceDate "2018.10.10"]
[SourceVersion "1"]
[SourceVersionDate "2018.10.10"]
[SourceQuality "1"]
[WhiteTeam "Brzozow UKS SP 1 U19"]
[BlackTeam "Czestochowa UKS Hetman U19"]
[WhiteTeamCountry "POL"]
[BlackTeamCountry "POL"]

1. d4 Nf6 2. c4 e6 3. Nc3 Bb4 4. Qc2 Bxc3+ 5. Qxc3 b6 6. Qg3 Rg8 7. f3 Nc6 8. e3 d6 9. Bd3 Bb7 10. Bd2 e5 11. Ne2 exd4 12. exd4 Qe7 13. 0-0 0-0-0 14. Rfe1 Kb8 15. Qf2 Qf8 16. b4 g5 17. Ng3 Ne7 18. Ne4 Nxe4 19. fxe4 Qg7 20. a4 Rgf8 21. Rf1 Bc8 22. Qf6 Qxf6 23. Rxf6 Ng8 24. Rf2 h6 25. Raf1 f6 26. h4 g4 27. Rf4 h5 28. Bc3 Rd7 29. d5 Rdf7 30. c5 Bd7 31. c6 Bc8 32. a5 a6 33. b5 Ka7 34. Bd4 axb5 35. Bxb5 Ne7 36. Ra1 Kb8 37. axb6 1-0

[Event "POL-ch U18"]
[Site "Szklarska Poreba"]
[Date "2016.03.19"]
[Round "8"]
[White "Fukowski, Pawel"]
[Black "Zarnowski, Krzysztof"]
[Result "0-1"]
[WhiteElo "1966"]
[BlackElo "1940"]
[PlyCount "82"]
[EventDate "2016.03.13"]
[EventType "swiss"]
[EventRounds "9"]
[EventCountry "POL"]
[SourceTitle "EXT 2018"]
[Source "ChessBase"]
[SourceDate "2017.10.13"]
[SourceVersion "1"]
[SourceVersionDate "2017.10.13"]
[SourceQuality "1"]

1. d4 d5 2. Nf3 Nf6 3. g3 Bf5 4. Bg2 e6 5. c4 c6 6. 0-0 Nbd7 7. Nc3 Be7 8. h3 0-0 9. Nh4 Bg6 10. f4 Be4 11. e3 Bxg2 12. Nxg2 dxc4 13. e4 b5 14. Qf3 Qb6 15. Be3 c5 16. d5 exd5 17. exd5 b4 18. Na4 Qa6 19. b3 c3 20. Rfd1 Rfe8 21. g4 Bd6 22. Rac1 Ne4 23. f5 Re7 24. h4 Rae8 25. Rc2 Ng3 26. h5 h6 27. a3 Re4 28. axb4 cxb4 29. g5 hxg5 30. Bxg5 Ne2+ 31. Kh1 Nd4 32. Rxd4 Rxd4 33. Bf4 Bxf4 34. Nxf4 Re1+ 35. Kg2 Rdd1 36. Nxc3 bxc3 37. Qxc3 Rg1+ 38. Kh3 Qf1+ 39. Rg2 Rxg2 40. Qc8+ Kh7 41. Nxg2 Rd3+ 0-1

[Event "POL-chT U19 2nd League"]
[Site "Szczyrk"]
[Date "2014.08.01"]
[Round "10.92"]
[White "Witczak, Jakub"]
[Black "Zarnowski, Krzysztof"]
[Result "0-1"]
[WhiteElo "1828"]
[BlackElo "1906"]
[PlyCount "54"]
[EventDate "2014.07.25"]
[EventType "team-swiss"]
[EventRounds "11"]
[EventCountry "POL"]
[SourceTitle "EXT 2015"]
[Source "ChessBase"]
[SourceDate "2014.11.20"]
[SourceVersion "1"]
[SourceVersionDate "2014.11.20"]
[SourceQuality "1"]
[WhiteTeam "Gorzow Wielkopolski Stilon U19 II"]
[BlackTeam "Gorlice GKSz Kornuty U19"]
[WhiteTeamCountry "POL"]
[BlackTeamCountry "POL"]

1. e4 c5 2. Nf3 e6 3. d4 cxd4 4. Nxd4 a6 5. Bd3 Nf6 6. 0-0 Qc7 7. Nc3 Be7 8. Kh1 0-0 9. f4 d6 10. Qe2 Nbd7 11. g4 b5 12. g5 b4 13. Nd1 Ne8 14. Bd2 Qb6 15. Nf3 Nc5 16. Ne3 Bb7 17. Nc4 Qc7 18. Bxb4 d5 19. Bxc5 dxc4 20. Bxc4 Bxc5 21. e5 Qc6 22. Bd3 Nc7 23. Rae1 Nd5 24. Be4 Qb6 25. Nd2 Ne3 26. Rf3 Nf5 27. c3 Nd4 0-1